[Event "Chioggia op-C 10th"]
[Site "Chioggia"]
[Date "2015.10.10"]
[Round "2"]
[White "De Luca, Stefano"]
[Black "Carisi, Lorenzo"]
[Result "0-1"]
[WhiteElo "1368"]
[BlackElo "1440"]
[PlyCount "96"]
[EventDate "2015.10.09"]
[EventType "swiss"]
[EventRounds "5"]
[EventCountry "ITA"]
[SourceTitle "EXT 2022"]
[Source "ChessBase"]
[SourceDate "2021.10.06"]
[SourceVersion "1"]
[SourceVersionDate "2021.10.06"]
[SourceQuality "1"]

1. d4 Nf6 2. Nf3 g6 3. Bf4 d6 4. e3 Bg7 5. h3 0-0 6. Be2 Re8 7. 0-0 Bf5 8. Bh2 Nbd7 9. c4 Ne4 10. Qb3 b6 11. Nc3 c5 12. Rfd1 Nxc3 13. Qxc3 cxd4 14. Nxd4 Be4 15. Qd2 Nf6 16. Bf3 Bxf3 17. Nxf3 Qc7 18. Rac1 a5 19. Nd4 Red8 20. Qc2 Rac8 21. b3 Qc5 22. Nb5 d5 23. Na7 Rc7 24. Bxc7 Qxc7 25. Nb5 Qe5 26. Nd4 Rd6 27. c5 bxc5 28. Qxc5 Ne4 29. Qxa5 Qg5 30. Rc8+ Bf8 31. Nf3 Qf6 32. Rxd5 Rxd5 33. Qxd5 Nd6 34. Rb8 Qa1+ 35. Kh2 Qxa2 36. Kg3 Qa7 37. Ra8 Qc7 38. Kg4 e6 39. Qe5 f5+ 40. Kh4 Qe7+ 41. Ng5 h6 42. Qxe6+ Kg7 43. Qxe7+ Bxe7 44. f4 hxg5+ 45. fxg5 Ne4 46. Rb8 Bd6 47. Rb7+ Kf8 48. Rh7 Bg3# 0-1